Purple is part of a rainbow / (Record no. 2158)

MARC details
000 -LEADER
fixed length control field 00994pam a2200289 a 4500
005 - DATE AND TIME OF LATEST TRANSACTION
control field 20231107160528.0
020 ## - INTERNATIONAL STANDARD BOOK NUMBER
International Standard Book Number 9780516020684
Qualifying information (lib. bdg.)
040 ## - CATALOGING SOURCE
Original cataloging agency DLC
Transcribing agency DLC
Modifying agency DLC
Language of cataloging eng
050 00 - LIBRARY OF CONGRESS CALL NUMBER
Classification number PE1119
Item number .K77 1985
082 00 - DEWEY DECIMAL CLASSIFICATION NUMBER
Classification number 428.6
Edition number 19
100 1# - MAIN ENTRY--PERSONAL NAME
Personal name Kowalczyk, Carolyn
Relator term author
245 10 - TITLE STATEMENT
Title Purple is part of a rainbow /
Statement of responsibility, etc. by Carolyn Kowalczyk ; illustrations by Gene Sharp.
260 ## - PUBLICATION, DISTRIBUTION, ETC.
Place of publication, distribution, etc. Chicago :
Name of publisher, distributor, etc. Childrens Press,
Date of publication, distribution, etc. 1985
300 ## - PHYSICAL DESCRIPTION
Extent 29 pages :
Other physical details illustrations
Dimensions 19 cm
490 1# - SERIES STATEMENT
Series statement A Rookie reader
505 ## - FORMATTED CONTENTS NOTE
Formatted contents note D
520 ## - SUMMARY, ETC.
Summary, etc. Introduces vocabulary and the concept of parts of a whole with examples such as a petal on a flower and a whisker on a kitty.
521 ## - TARGET AUDIENCE NOTE
Target audience note 190
Source Lexile
521 ## - TARGET AUDIENCE NOTE
Target audience note D
Source Raz-Plus
650 #0 - SUBJECT ADDED ENTRY--TOPICAL TERM
Topical term or geographic name entry element Readers (Primary)
650 #0 - SUBJECT ADDED ENTRY--TOPICAL TERM
Topical term or geographic name entry element Whole and parts (Psychology)
General subdivision Juvenile literature.
650 #1 - SUBJECT ADDED ENTRY--TOPICAL TERM
Topical term or geographic name entry element Vocabulary.
700 1# - ADDED ENTRY--PERSONAL NAME
Personal name Sharp, Gene
Dates associated with a name 1923-2002
Relator term illustrator
906 ## - LOCAL DATA ELEMENT F, LDF (RLIN)
a 7
b cbc
c orignew
d 1
e ocip
f 19
g y-gencatlg
942 ## - ADDED ENTRY ELEMENTS (KOHA)
Source of classification or shelving scheme Dewey Decimal Classification
Koha item type Books
Suppress in OPAC No
999 ## -
-- 2158
-- 2158
Holdings
Withdrawn status Lost status Source of classification or shelving scheme Damaged status Not for loan Collection Home library Current library Shelving location Date acquired Total Checkouts Full call number Barcode Date last seen Date last checked out Price effective from Koha item type
    Dewey Decimal Classification     Juvenile Fiction Footprints International School Library Network Toul Kork Campus Footprints International School Library Network Toul Kork Campus TK Primary Library Room(4th Floor), Bookcase 7, Shelves 57-60, Dark Green Books 11/07/2023 3 KOW 428.6 PE1119 FISTK03226 06/04/2025 04/02/2025 11/07/2023 Books